| 000 | 01169nam a22002777a 4500 | ||
|---|---|---|---|
| 005 | 20100803153341.0 | ||
| 010 | _aENG-97885 B-431068 | ||
| 020 |
_a9788120341159 _c250.00 |
||
| 035 | _aEN-81418 B-431068 | ||
| 037 | _bDBAD/PUB | ||
| 037 | _bAllied Pub/Ven | ||
| 082 | _a621.3848 | ||
| 100 |
_aToomay,J C _928468 |
||
| 245 |
_aPrinciples of radar / _cby J C Toomay [and] Paul J Hannen |
||
| 250 | _a3rd edition | ||
| 260 |
_aNew Delhi _bPHI Learning _c2010 |
||
| 270 |
_aM-97, Connaught Circus _bNew Delhi _e110001 |
||
| 300 |
_axxv,267p _c23cm(pbk) |
||
| 500 | _aincludes index | ||
| 650 |
_aRadar _928469 |
||
| 700 |
_aHannen,Paul J _95379 |
||
| 942 |
_2ddc _cEN _h621.3848 _mTOO |
||
| 999 |
_c39020 _d39020 |
||